| 000 | 00934nam a2200301 i 4500 | ||
|---|---|---|---|
| 003 | EG-GICUC | ||
| 005 | 20260426095716.0 | ||
| 008 | 260426s1873 fr adlefr|||| 001 0 fre d | ||
| 040 |
_aEG-GiCUC _bfre _cEG-GiCUC _dEG-GiCUC _erda |
||
| 041 | 0 | _afre | |
| 082 | 0 | 4 |
_221 _a343.7 _bRO . Q |
| 092 | 0 | 4 | _221 |
| 099 | _aLaw1 10 343.7 RO . Q 1 ed - 1873 | ||
| 100 | 1 |
_aRobin, E. _eAuthor. |
|
| 245 | 1 | 2 |
_a La Question Pénitentiaire / _c Par E. Robin. |
| 264 |
_aParis : _bJ. Bonhoure, Éditeur, _c1873. |
||
| 300 |
_a294 pages : _billustrations, _c24 cm |
||
| 336 |
_2rda content _atext |
||
| 337 |
_2rda media _aComputer |
||
| 338 |
_2rda carrier _aOnline Resource |
||
| 504 | _aComprend des références bibliographiques. | ||
| 650 | 1 | 4 |
_aDroit pénal. _2qrmak |
| 651 | 1 | _2qrmak | |
| 710 | _aPublir Par Le Comite. | ||
| 856 | 4 | 0 | _uhttps://fll.law.cu.edu.eg/fulltext/bks/B10-11094.pdf |
| 905 | _a171 | ||
| 942 |
_2ddc _cBK _e21 _n0 |
||
| 999 |
_c73422 _d73422 |
||